The effect of formulated golden snail with rice bran and cp hi-gro on the growth and survival rate of anabas testudineus (bloch), ប្រសិទ្ធភាពចំណីផ្សំខ្យងមាសជាមួយកន្ទក់​និង​គ្រាប់ស៊ីភីហៃក្រូទៅលើការលូតលាស់ និងអត្រារស់របសត្រីក្រាញ់ (Record no. 4056)

000 -LEADER
fixed length control field 00781nam a22001577a 4500
003 - CONTROL NUMBER IDENTIFIER
control field OSt
005 - DATE AND TIME OF LATEST TRANSACTION
control field 20151208150338.0
008 - FIXED-LENGTH DATA ELEMENTS--GENERAL INFORMATION
fixed length control field 151205b xxu||||| |||| 00| 0 eng d
040 ## - CATALOGING SOURCE
Transcribing agency RUA
082 ## - DEWEY DECIMAL CLASSIFICATION NUMBER
Classification number FIS KIM 2003 B187 Or.1
100 ## - MAIN ENTRY--PERSONAL NAME
9 (RLIN) 4346
Personal name KIM, SOPHEA.
245 ## - TITLE STATEMENT
Title The effect of formulated golden snail with rice bran and cp hi-gro on the growth and survival rate of anabas testudineus (bloch), ប្រសិទ្ធភាពចំណីផ្សំខ្យងមាសជាមួយកន្ទក់​និង​គ្រាប់ស៊ីភីហៃក្រូទៅលើការលូតលាស់ និងអត្រារស់របសត្រីក្រាញ់
260 ## - PUBLICATION, DISTRIBUTION, ETC. (IMPRINT)
Place of publication, distribution, etc. Phnom Penh
Name of publisher, distributor, etc. RUA
Date of publication, distribution, etc. 2003
300 ## - PHYSICAL DESCRIPTION
Extent 37p.
Other physical details ill.
Dimensions 29cm.
942 ## - ADDED ENTRY ELEMENTS (KOHA)
Source of classification or shelving scheme
Koha item type FIS
Holdings
Price effective from Date last seen Permanent Location Not for loan Date acquired Source of classification or shelving scheme Koha item type Barcode Lost status Damaged status Shelving location Withdrawn status Current Location Full call number
2015-12-052015-12-05Library Block B 2015-12-05 FISRUA036718  B187 Library Block BFIS KIM 2003 B187 Or.1
2015-12-052015-12-05Library Block B 2015-12-05 FISRUA036663  B187 Library Block BFIS KIM 2003 B187 Or.2
2015-12-052015-12-05Library Block B 2015-12-05 FISRUA037156  B187 Library Block BFIS KIM 2003 B187 Or.3
2015-12-052015-12-05Library Block B 2015-12-05 FISRUA036659  B187 Library Block BFIS KIM 2003 B187 Or.4
2015-12-052015-12-05Library Block B 2015-12-05 FISRUA037487  B187 Library Block BFIS KIM 2003 B186 Or.5
មជ្ឈមណ្ឌលឯការនៃសាកលវិទ្យាល័យភូមិន្ទកសិកម្មចំការដូង

Powered by Koha